Obscure Historical Countries #2 - Statistics

General Stats
  • This quiz has been taken 17 times
  • The average score is 3 of 14
Answer Stats
Hint Answer % Correct
Caucus country in modern day Georgia that shares a name with a European peninsula Iberia
79%
Peninsular Country that existed for 1 day in the 21st century that was soon annexed by a large nation Crimea
57%
One of 3 major Ancient Korean states that sounds like a dolphin name Baekje
36%
Country named after an Ecuador city that existed for 2 years and was annexed by Colombia Guayaquil
36%
Oceanic nation made up of a few atolls in the Society Islands that has a double name Bora Bora
14%
Northern Mexican state that assumed independence during the Mexican-American War Rio Grande
14%
South African Boer Republic that lasted for 4 years and shares a name with a common girl name Natalia
7%
Northern Algerian 13th century country Tlemcen
7%
Chiefdom based in an atoll in the Gilbert Islands Abemama
0%
Northern Indian state that had a really cool flag (kind of like if Nepal was Aroace) Amber
0%
Dominant Burmese kingdom that claimed it was the successor of the Pagan Empire Ava
0%
County in the Holy Roman Empire that attempted South American colonialism. Hanau
0%
Javanese kingdom that lasted for 200 years until colonization by the Dutch Mataram
0%
Ugandan separatist movement in the subnational kingdom of Tooro from 20 years Rwenzururu
0%
No matching quizzes found
Score Distribution
Percent of People with Each Score
Percentile by Number Answered
Your Score History
You have not taken this quiz